| 000 | 00354nam a2200157Ia 4500 | ||
|---|---|---|---|
| 001 | 2416 | ||
| 003 | IN-NITTTR | ||
| 005 | 20251114232930.0 | ||
| 008 | 251113s9999||||xx |||||||||||||| ||eng|| | ||
| 040 | _beng | ||
| 040 | _cIN-NITTTR | ||
| 041 | _aeng | ||
| 082 | _a370.1M294T | ||
| 245 | 0 | _aTheory and principles of education refresher / | |
| 942 |
_2ddc _cBK |
||
| 999 |
_c3743 _d3743 |
||